|
|
|
|
| LEADER |
01601nam a22004332i 4500 |
| 001 |
001542406 |
| 003 |
CZ BrMZK |
| 005 |
20170206121457.0 |
| 007 |
ta |
| 008 |
160908s1983 xr a erc||||||||||cze d |
| 015 |
|
|
|a cnb001041227
|
| 035 |
|
|
|a (OCoLC)85675712
|
| 040 |
|
|
|a OSE306
|b cze
|d BOA001
|e rda
|
| 043 |
|
|
|a e-xr---
|
| 045 |
|
|
|a x-x-
|
| 072 |
|
7 |
|a 75
|x Malířství
|2 Konspekt
|9 21
|
| 080 |
|
|
|a 75(437.3)
|2 MRF
|
| 080 |
|
|
|a 7.036/.038
|2 MRF
|
| 080 |
|
|
|a (437.3)
|2 MRF
|
| 080 |
|
|
|a (083.824)
|2 MRF
|
| 100 |
1 |
|
|a Bogar, Karel,
|d 1939-
|7 ola2004219943
|4 aut
|
| 245 |
1 |
0 |
|a Kronikář Beskyd - Leopold Parma :
|b památník Ferdiše Duši ve Frýdlantě nad Ostravicí 1983 : Okresní vlastivědné muzeum ve Frýdku-Místku 1984 /
|c Karel Bogar
|
| 246 |
1 |
|
|i Název v tiráži:
|a Leopold Parma-Kronikář Beskyd
|
| 264 |
|
1 |
|a Frýdek-Místek :
|b Okresní vlastivědné muzeum,
|c 1983
|
| 300 |
|
|
|a 23 nečíslovaných stran :
|b ilustrace ;
|c 20 x 21cm
|
| 336 |
|
|
|a text
|b txt
|2 rdacontent
|
| 337 |
|
|
|a bez média
|b n
|2 rdamedia
|
| 338 |
|
|
|a svazek
|b nc
|2 rdacarrier
|
| 490 |
1 |
|
|a Katalogy. Velká řada ;
|v [číslo 9]
|
| 600 |
1 |
7 |
|a Parma, Leopold,
|d 1891-1968
|7 jk01091763
|
| 648 |
|
7 |
|a 20. století
|7 ch460558
|
| 650 |
0 |
7 |
|a české malířství
|7 ph116864
|y 20. století
|2 czenas
|
| 650 |
0 |
7 |
|a moderní umění
|7 ph115340
|z Česko
|2 czenas
|
| 655 |
|
7 |
|a katalogy výstav
|7 fd132536
|2 czenas
|
| 830 |
|
0 |
|a Katalogy. Velká řada
|
| 910 |
|
|
|a BOA001
|b X-0866.929
|
| 990 |
|
|
|a BK
|
| 991 |
|
|
|b 201609
|
| 996 |
6 |
|
|b 2619162320
|c X-0866.929
|l MZK
|r Sklad / do 24 hodin
|n 0
|w 001577504
|u 000010
|a 1
|e BOA001
|j MZK50
|s P
|